50 Greatest Symphonies - Statistics

General Stats
  • This quiz has been taken 155 times
  • The average score is 31 of 50
Answer Stats
Composer Number Nickname % Correct
Ludwig Van Beethoven 9 "Choral"
100%
Ludwig Van Beethoven 3 "Eroica"
100%
Ludwig Van Beethoven 6 "Pastoral"
100%
Ludwig Van Beethoven 8 None
100%
Ludwig Van Beethoven 5 None
100%
Wolfgang Amadeus Mozart 41 "Jupiter"
98%
Wolfgang Amadeus Mozart 29 None
98%
Wolfgang Amadeus Mozart 31 "Paris"
98%
Wolfgang Amadeus Mozart 38 "Prague"
98%
Antonin Dvořák 9 "From the New World"
94%
Antonin Dvořák 8 None
94%
Pyotr Ilyich Tchaikovsky 6 "Pathetique"
93%
Pyotr Ilyich Tchaikovsky 1 "Winter Daydreams"
93%
Franz Schubert 8 "Unfinished"
88%
Franz Schubert 9 "The Great"
86%
Gustav Mahler 9 None
85%
Gustav Mahler 6 "Tragic"
85%
Gustav Mahler 1 "Titan"
85%
Franz Joseph Haydn 102 "Miracle'
84%
Franz Joseph Haydn 6 "Le Matin"
84%
Hector Berlioz NA "Symphony Fantastique
83%
Johannes Brahms 4 None
74%
Johannes Brahms 1 None
74%
Aaron Copland 3 "For the Common Man"
69%
Camille Saint-Saëns 3 "Organ"
68%
Robert Schumann 2 None
68%
Dmitri Shostakovich 15 None
65%
Igor Stravinsky NA "Of Psalms"
64%
Franz Liszt NA "Faust"
62%
Johann Christian Bach 6 None
62%
Anton Bruckner 6 None
60%
Anton Bruckner 8 None
60%
Jean Sibelius 7 None
54%
Jean Sibelius 6 None
54%
Ralph Vaughan Williams 3 "Pastoral"
54%
Sergei Rachmaninov 3 None
54%
Edward Elgar 2 None
50%
Carl Nielsen 4 "The Inextinguishable"
45%
Leoš Janáček NA "Sinfonietta"
36%
Anton Webern NA Op. 21
24%
Cesar Franck 1 None
22%
John Adams NA "Harmonielehre"
21%
William Walton 1 None
20%
Luciano Berio NA "Sinfonia"
11%
Louise Farrenc 3 None
5%
Witold Lutosławski 3 None
5%
Elliott Carter NA "Symphonia"
4%
Nikolai Myaskovsky 10 None
4%
Oliver Knussen 3 None
4%
Peter Maxwell Davies 1 None
3%
No matching quizzes found
Score Distribution
Percent of People with Each Score
Percentile by Number Answered
Your Score History
You have not taken this quiz